Fusionfall Areas - Statistics

General Stats
  • This quiz has been taken 11 times
  • The average score is 35 of 65
Answer Stats
Answer % Correct
Goat's Junk Yard
100%
Goat's Junk Yard (Future)
100%
Peach Creek Commons
100%
Peach Creek Commons (Future)
100%
Sector V
100%
Sector V (Future)
100%
Candy Cove
80%
Candy Cove (Future)
80%
Foster's Home
80%
Genius Grove
80%
Genius Grove (Future)
80%
Habitat Homes
80%
Mount Blackhead
80%
Peach Creek Estates
80%
Peach Creek Estates (Future)
80%
Pokey Oaks North
80%
Pokey Oaks North (Future)
80%
Pokey Oaks South
80%
Pokey Oaks South (Future)
80%
Area 51.5
60%
Devil's Bluff
60%
Endsville
60%
Eternal Meadows
60%
Eternal Vistas
60%
Monkey Mountain
60%
Nuclear Plant
60%
Really Twisted Forest
60%
Tech Square
60%
Twisted Forest
60%
Acorn Flats
40%
Bravo Beach
40%
Camp Kidney
40%
City Hall
40%
City Point
40%
City Station
40%
Devil's Canyon
40%
Forgotten Falls
40%
Forsaken Valley
40%
Fuse's Lair
40%
Galaxy Gardens
40%
Green Maw
40%
Huntor's Crest
40%
Leakey Lake
40%
Marquee Row
40%
Mojo's Volcano
40%
Monkey Foothills
40%
Morbucks Towers
40%
Nowhere
40%
Offworld Plaza
40%
Orchid Bay
40%
Prickly Pines
40%
Steam Alley
40%
The Precipice
40%
The Ruins
40%
Townsville Center
40%
Townsville Park
40%
Dark Glade
20%
Dinosaur Pass
20%
Firepits
20%
Fireswamps
20%
Haunted Ridge
20%
Hero's Hollow
20%
Lower Catacombs
20%
Pimpleback Mountains
20%
Upper Catacombs
20%
No matching quizzes found
Score Distribution
Percent of People with Each Score
Percentile by Number Answered
Your Score History
You have not taken this quiz